Alle Städte und Gemeinden in Thüringen - Statistiken

Allgemein
  • Dieses Quiz wurde 3.912 mal gespielt
    2.159 seit der letzten Aktualisierung
  • Das Durchschnittsergebnis liegt bei 53 aus 605
Antworten auf der Karte
Die Antworten werden auf der Karte rot bzw. grün angezeigt, abhängig davon wie oft sie richtig erraten wurden.
 
Antwortstatistiken
Landkreis Bevölkerung Gemeinde % Korrekt
(kreisfreie Stadt) 213.692 Erfurt
94%
(kreisfreie Stadt) 110.731 Jena
88%
(kreisfreie Stadt) 92.126 Gera
82%
(kreisfreie Stadt) 65.098 Weimar
78%
Wartburgkreis 41.970 Eisenach
67%
(kreisfreie Stadt) 36.395 Suhl
63%
Gotha 45.273 Gotha
62%
Nordhausen 40.969 Nordhausen
60%
Altenburger Land 31.101 Altenburg
54%
Ilm-Kreis 38.637 Ilmenau
53%
Schmalkalden-Meiningen 25.679 Meiningen
51%
Saalfeld-Rudolstadt 29.071 Saalfeld/Saale
48%
Sonneberg 23.229 Sonneberg
48%
Saalfeld-Rudolstadt 24.672 Rudolstadt
47%
Schmalkalden-Meiningen 19.553 Schmalkalden
46%
Sömmerda 18.886 Sömmerda
46%
Greiz 20.108 Greiz
44%
Unstrut-Hainich-Kreis 37.146 Mühlhausen
43%
Weimarer Land 22.209 Apolda
42%
Hildburghausen 11.674 Hildburghausen
39%
Ilm-Kreis 27.072 Arnstadt
37%
Saale-Orla-Kreis 9.095 Neustadt an der Orla
35%
Kyffhäuserkreis 21.034 Sondershausen
34%
Schmalkalden-Meiningen 1.626 Oberhof
33%
Wartburgkreis 23.177 Bad Salzungen
31%
Schmalkalden-Meiningen 12.630 Zella-Mehlis
31%
Unstrut-Hainich-Kreis 17.211 Bad Langensalza
30%
Eichsfeld 18.657 Heilbad Heiligenstadt
28%
Eichsfeld 20.018 Leinefelde-Worbis
28%
Kyffhäuserkreis 10.019 Bad Frankenhausen/ Kyffhäuser
25%
Saale-Orla-Kreis 8.832 Schleiz
25%
Weimarer Land 7.520 Bad Berka
24%
Saale-Holzland-Kreis 10.704 Eisenberg
24%
Sonneberg 8.808 Neuhaus am Rennweg
24%
Altenburger Land 9.881 Meuselwitz
23%
Saale-Orla-Kreis 11.697 Pößneck
23%
Altenburger Land 13.604 Schmölln
23%
Greiz 16.194 Zeulenroda-Triebes
23%
Saale-Holzland-Kreis 8.038 Hermsdorf
22%
Saale-Holzland-Kreis 6.756 Kahla
22%
Gotha 9.652 Ohrdruf
22%
Ilm-Kreis 8.428 Stadtilm
21%
Gotha 12.712 Waltershausen
21%
Schmalkalden-Meiningen 9.479 Steinbach-Hallenberg
20%
Greiz 8.318 Weida
20%
Saalfeld-Rudolstadt 6.191 Bad Blankenburg
19%
Saale-Orla-Kreis 5.843 Bad Lobenstein
19%
Gotha 7.164 Friedrichroda
19%
Saale-Holzland-Kreis 6.590 Stadtroda
19%
Eichsfeld 530 Steinbach
19%
Kyffhäuserkreis 6.597 Artern
18%
Weimarer Land 8.037 Bad Sulza
18%
Sömmerda 6.278 Kölleda
18%
Greiz 3.704 Bad Köstritz
17%
Wartburgkreis 7.665 Bad Liebenstein
17%
Nordhausen 10.244 Bleicherode
17%
Schmalkalden-Meiningen 5.987 Brotterode-Trusetal
17%
Eichsfeld 12.343 Dingelstädt
17%
Gotha 7.968 Drei Gleichen
17%
Hildburghausen 7.575 Eisfeld
17%
Saale-Orla-Kreis 3.292 Saalburg-Ebersdorf
17%
Hildburghausen 10.801 Schleusingen
17%
Schmalkalden-Meiningen 1.165 Schwarza
17%
Gotha 4.133 Bad Tabarz
16%
Kyffhäuserkreis 5.860 Greußen
16%
Wartburgkreis 5.406 Ruhla
16%
Greiz 5.933 Berga-Wünschendorf
15%
Saale-Holzland-Kreis 5.315 Dornburg-Camburg
15%
Ilm-Kreis 565 Elxleben
15%
Sömmerda 2.271 Elxleben
15%
Wartburgkreis 9.034 Gerstungen
15%
Greiz 4.953 Ronneburg
15%
Gotha 4.381 Tambach-Dietharz
15%
Saale-Orla-Kreis 3.597 Triptis
15%
Schmalkalden-Meiningen 5.450 Wasungen
15%
Weimarer Land 7.100 Am Ettersberg
14%
Unstrut-Hainich-Kreis 2.474 Bad Tennstedt
14%
Weimarer Land 6.502 Blankenhain
14%
Nordhausen 5.394 Ellrich
14%
Ilm-Kreis 8.859 Geratal
14%
Sonneberg 3.214 Lauscha
14%
Weimarer Land 2.019 Magdala
14%
Ilm-Kreis 2.007 Plaue
14%
Wartburgkreis 5.055 Vacha
14%
Wartburgkreis 4.912 Amt Creuzburg
13%
Ilm-Kreis 8.007 Amt Wachsenburg
13%
Saale-Holzland-Kreis 3.399 Bad Klosterlausnitz
13%
Unstrut-Hainich-Kreis 160 Blankenburg
13%
Schmalkalden-Meiningen 4.695 Breitungen/Werra
13%
Sömmerda 6.633 Buttstädt
13%
Schmalkalden-Meiningen 5.895 Floh-Seligenthal
13%
Sömmerda 2.118 Gebesee
13%
Schmalkalden-Meiningen 5.618 Grabfeld
13%
Gotha 4.727 Hörsel
13%
Schmalkalden-Meiningen 5.773 Kaltennordheim
13%
Greiz 264 Lederhose
13%
Gotha 5.995 Nesse-Apfelstädt
13%
Sonneberg 3.762 Steinach
13%
Hildburghausen 2.771 Themar
13%
Wartburgkreis 5.936 Treffurt
13%
Unstrut-Hainich-Kreis 6.463 Unstrut-Hainich
13%
Kyffhäuserkreis 5.945 An der Schmücke
12%
Greiz 3.394 Auma-Weidatal
12%
Wartburgkreis 728 Berka vor dem Hainich
12%
Saale-Holzland-Kreis 3.047 Bürgel
12%
Gotha 1.608 Dachwig
12%
Kyffhäuserkreis 2.658 Ebeleben
12%
Weimarer Land 685 Ettersburg
12%
Gotha 7.892 Georgenthal
12%
Ilm-Kreis 6.104 Großbreitenbach
12%
Nordhausen 7.543 Harztor
12%
Nordhausen 4.727 Heringen/Helme
12%
Weimarer Land 6.393 Ilmtal-Weinstraße
12%
Saalfeld-Rudolstadt 7.307 Königsee
12%
Weimarer Land 3.340 Kranichfeld
12%
Schmalkalden-Meiningen 2.654 Rhönblick
12%
Hildburghausen 6.747 Römhild
12%
Saalfeld-Rudolstadt 525 Schwarzburg
12%
Eichsfeld 6.097 Uder
12%
Saalfeld-Rudolstadt 8.398 Unterwellenborn
12%
Sömmerda 3.634 Weißensee
12%
Wartburgkreis 6.347 Werra-Suhl-Tal
12%
Saale-Holzland-Kreis 1.181 Bucha
11%
Kyffhäuserkreis 1.058 Clingen
11%
Wartburgkreis 7.277 Dermbach
11%
Sonneberg 8.679 Föritztal
11%
Wartburgkreis 4.760 Geisa
11%
Altenburger Land 3.389 Gößnitz
11%
Greiz 3.730 Kraftsdorf
11%
Ilm-Kreis 1.190 Martinroda
11%
Weimarer Land 1.449 Mellingen
11%
Altenburger Land 7.183 Nobitz
11%
Saale-Holzland-Kreis 1.087 Orlamünde
11%
Saalfeld-Rudolstadt 2.794 Probstzella
11%
Schmalkalden-Meiningen 921 Rohr
11%
Kyffhäuserkreis 7.344 Roßleben-Wiehe
11%
Saale-Orla-Kreis 3.036 Wurzbach
11%
Wartburgkreis 6.278 Wutha-Farnroda
11%
Eichsfeld 990 Arenshausen
10%
Eichsfeld 3.173 Breitenworbis
10%
Gotha 1.096 Döllstädt
10%
Sonneberg 5.707 Frankenblick
10%
Schmalkalden-Meiningen 1.070 Frankenheim/Rhön
10%
Weimarer Land 6.509 Grammetal
10%
Hildburghausen 3.374 Heldburg
10%
Sömmerda 3.989 Kindelbrück
10%
Kyffhäuserkreis 3.879 Kyffhäuserland
10%
Saale-Holzland-Kreis 691 Lehesten
10%
Saalfeld-Rudolstadt 1.643 Lehesten
10%
Altenburger Land 3.606 Lucka
10%
Hildburghausen 2.144 Masserberg
10%
Gotha 7.914 Nessetal
10%
Sonneberg 3.278 Schalkau
10%
Saalfeld-Rudolstadt 3.504 Schwarzatal
10%
Eichsfeld 4.482 Sonnenstein
10%
Sömmerda 2.100 Straußfurt
10%
Saale-Orla-Kreis 3.507 Tanna
10%
Eichsfeld 2.528 Teistungen
10%
Gotha 2.778 Tonna
10%
Saalfeld-Rudolstadt 5.642 Uhlstädt-Kirchhasel
10%
Sömmerda 585 Andisleben
9%
Wartburgkreis 4.559 Barchfeld-Immelborn
9%
Eichsfeld 1.129 Bodenrode-Westhausen
9%
Eichsfeld 299 Bornhagen
9%
Schmalkalden-Meiningen 774 Dillstädt
9%
Eichsfeld 559 Ferna
9%
Eichsfeld 1.464 Gernrode
9%
Saale-Orla-Kreis 2.099 Hirschberg
9%
Wartburgkreis 6.165 Hörselberg-Hainich
9%
Eichsfeld 1.303 Kirchworbis
9%
Saalfeld-Rudolstadt 2.057 Leutenberg
9%
Gotha 1.189 Luisenthal
9%
Eichsfeld 5.380 Niederorschel
9%
Schmalkalden-Meiningen 673 Rosa
9%
Saale-Holzland-Kreis 276 Sulza
9%
Unstrut-Hainich-Kreis 6.079 Unstruttal
9%
Unstrut-Hainich-Kreis 4.323 Vogtei
9%
Sömmerda 1.793 Walschleben
9%
Nordhausen 3.133 Werther
9%
Eichsfeld 3.580 Am Ohmberg
8%
Hildburghausen 2.853 Auengrund
8%
Eichsfeld 1.225 Berlingerode
8%
Schmalkalden-Meiningen 163 Birx
8%
Eichsfeld 471 Buhla
8%
Saale-Holzland-Kreis 1.545 Crossen an der Elster
8%
Eichsfeld 705 Ecklingerode
8%
Saale-Orla-Kreis 2.465 Gefell
8%
Eichsfeld 1.067 Geismar
8%
Nordhausen 1.028 Görsbach
8%
Saalfeld-Rudolstadt 1.897 Gräfenthal
8%
Weimarer Land 649 Großheringen
8%
Nordhausen 882 Großlohra
8%
Sömmerda 1.843 Großrudestedt
8%
Weimarer Land 1.050 Großschwabhausen
8%
Eichsfeld 669 Haynrode
8%
Kyffhäuserkreis 2.180 Helbedündorf
8%
Unstrut-Hainich-Kreis 2.917 Herbsleben
8%
Weimarer Land 384 Hohenfelden
8%
Nordhausen 2.105 Hohenstein
8%
Saalfeld-Rudolstadt 1.291 Katzhütte
8%
Nordhausen 453 Kehmstedt
8%
Nordhausen 1.023 Kleinfurra
8%
Unstrut-Hainich-Kreis 1.628 Körner
8%
Wartburgkreis 5.044 Krayenberggemeinde
8%
Saale-Orla-Kreis 2.584 Krölpa
8%
Greiz 4.117 Langenwetzendorf
8%
Wartburgkreis 651 Lauterbach
8%
Wartburgkreis 1.725 Leimbach
8%
Nordhausen 490 Lipprechterode
8%
Altenburger Land 957 Löbichau
8%
Saale-Orla-Kreis 403 Moßbach
8%
Nordhausen 639 Niedergebra
8%
Unstrut-Hainich-Kreis 5.742 Nottertal-Heilinger Höhen
8%
Schmalkalden-Meiningen 1.247 Obermaßfeld- Grimmenthal
8%
Saale-Orla-Kreis 1.657 Ranis
8%
Sömmerda 2.493 Rastenberg
8%
Saale-Orla-Kreis 3.366 Remptendorf
8%
Sömmerda 995 Riethnordhausen
8%
Saale-Orla-Kreis 3.960 Rosenthal am Rennsteig
8%
Sömmerda 1.372 Schloßvippach
8%
Schmalkalden-Meiningen 2.260 Schwallungen
8%
Nordhausen 2.927 Sollstedt
8%
Gotha 1.165 Sonneborn
8%
Unstrut-Hainich-Kreis 6.550 Südeichsfeld
8%
Schmalkalden-Meiningen 1.276 Untermaßfeld
8%
Nordhausen 899 Urbach
8%
Saale-Orla-Kreis 640 Ziegenrück
8%
Unstrut-Hainich-Kreis 813 Ballhausen
7%
Eichsfeld 853 Büttstedt
7%
Schmalkalden-Meiningen 544 Christes
7%
Eichsfeld 1.189 Effelder
7%
Schmalkalden-Meiningen 2.050 Fambach
7%
Sonneberg 367 Goldisthal
7%
Sömmerda 638 Großneuhausen
7%
Greiz 2.819 Harth-Pöllnitz
7%
Saalfeld-Rudolstadt 2.396 Kaulsdorf
7%
Sömmerda 422 Kleinneuhausen
7%
Saale-Orla-Kreis 1.250 Langenorla
7%
Greiz 4.710 Mohlsdorf- Teichwolframsdorf
7%
Greiz 2.929 Münchenbernsdorf
7%
Altenburger Land 1.524 Ponitz
7%
Saale-Holzland-Kreis 878 Reichenbach
7%
Altenburger Land 2.721 Rositz
7%
Hildburghausen 2.736 Schleusegrund
7%
Gotha 784 Schwabhausen
7%
Unstrut-Hainich-Kreis 361 Sundhausen
7%
Eichsfeld 241 Tastungen
7%
Hildburghausen 468 Ummerstadt
7%
Eichsfeld 303 Wahlhausen
7%
Saale-Holzland-Kreis 225 Waldeck
7%
Saale-Holzland-Kreis 1.147 Weißenborn
7%
Kyffhäuserkreis 369 Westgreußen
7%
Wartburgkreis 735 Wiesenthal
7%
Altenburger Land 1.897 Windischleuba
7%
Saale-Holzland-Kreis 186 Zimmern
7%
Kyffhäuserkreis 475 Abtsbessingen
6%
Sömmerda 744 Alperstedt
6%
Weimarer Land 287 Ballstedt
6%
Ilm-Kreis 632 Bösleben-Wüllersleben
6%
Eichsfeld 1.095 Brehme
6%
Wartburgkreis 1.255 Buttlar
6%
Saale-Orla-Kreis 453 Dittersdorf
6%
Saalfeld-Rudolstadt 614 Drognitz
6%
Hildburghausen 167 Eichenberg
6%
Saale-Holzland-Kreis 377 Eichenberg
6%
Gotha 691 Emleben
6%
Schmalkalden-Meiningen 570 Erbenhausen
6%
Gotha 1.008 Friemar
6%
Gotha 815 Großfahner
6%
Saale-Holzland-Kreis 743 Großlöbichau
6%
Saale-Holzland-Kreis 192 Hainichen
6%
Sömmerda 958 Haßleben
6%
Greiz 1.388 Hohenleuben
6%
Saalfeld-Rudolstadt 171 Hohenwarte
6%
Saale-Holzland-Kreis 162 Jenalöbnitz
6%
Weimarer Land 228 Kleinschwabhausen
6%
Weimarer Land 1.289 Klettbach
6%
Hildburghausen 278 Kloster Veßra
6%
Schmalkalden-Meiningen 915 Kühndorf
6%
Altenburger Land 1.726 Langenleuba-Niederhain
6%
Sömmerda 549 Markvippach
6%
Saale-Holzland-Kreis 726 Milda
6%
Weimarer Land 477 Neumark
6%
Ilm-Kreis 508 Osthausen- Wülfershausen
6%
Saale-Holzland-Kreis 1.127 Rothenstein
6%
Saale-Holzland-Kreis 2.593 Schkölen
6%
Wartburgkreis 1.782 Seebach
6%
Saale-Holzland-Kreis 928 Tautenhain
6%
Weimarer Land 632 Tonndorf
6%
Altenburger Land 1.154 Treben
6%
Kyffhäuserkreis 291 Trebra
6%
Weimarer Land 638 Umpferstedt
6%
Wartburgkreis 3.366 Unterbreizbach
6%
Hildburghausen 689 Westhausen
6%
Sömmerda 1.087 Witterda
6%
Ilm-Kreis 624 Witzleben
6%
Schmalkalden-Meiningen 331 Belrieth
5%
Gotha 671 Bienstädt
5%
Hildburghausen 165 Bischofrod
5%
Greiz 642 Caaschwitz
5%
Ilm-Kreis 567 Dornheim
5%
Schmalkalden-Meiningen 396 Einhausen
5%
Ilm-Kreis 1.223 Elgersburg
5%
Ilm-Kreis 877 Elleben
5%
Weimarer Land 160 Frankendorf
5%
Eichsfeld 971 Geisleden
5%
Altenburger Land 500 Gerstenberg
5%
Wartburgkreis 66 Gerstengrund
5%
Gotha 814 Gierstädt
5%
Greiz 1.210 Großenstein
5%
Saale-Holzland-Kreis 1.777 Heideland
5%
Greiz 115 Hirschfeld
5%
Wartburgkreis 1.578 Krauthausen
5%
Eichsfeld 165 Krombach
5%
Eichsfeld 1.331 Küllstedt
5%
Greiz 847 Langenwolschendorf
5%
Greiz 434 Linda b. Weida
5%
Schmalkalden-Meiningen 331 Mehmels
5%
Unstrut-Hainich-Kreis 205 Mittelsömmern
5%
Schmalkalden-Meiningen 493 Neubrunn
5%
Weimarer Land 763 Niedertrebra
5%
Kyffhäuserkreis 313 Oberbösa
5%
Kyffhäuserkreis 780 Oberheldrungen
5%
Weimarer Land 256 Obertrebra
5%
Schmalkalden-Meiningen 488 Oberweid
5%
Gotha 386 Pferdingsleben
5%
Sömmerda 500 Ringleben
5%
Schmalkalden-Meiningen 325 Ritschenhausen
5%
Saalfeld-Rudolstadt 188 Rohrbach
5%
Schmalkalden-Meiningen 598 Roßdorf
5%
Eichsfeld 2.154 Schimberg
5%
Saale-Holzland-Kreis 426 Schleifreisen
5%
Saale-Holzland-Kreis 932 Schlöben
5%
Greiz 222 Schwarzbach
5%
Sömmerda 584 Schwerstedt
5%
Greiz 1.286 Seelingstädt
5%
Saale-Holzland-Kreis 636 Silbitz
5%
Altenburger Land 1.865 Starkenberg
5%
Hildburghausen 2.691 Straufhain
5%
Sömmerda 782 Udestedt
5%
Schmalkalden-Meiningen 733 Vachdorf
5%
Hildburghausen 2.758 Veilsdorf
5%
Kyffhäuserkreis 378 Wasserthaleben
5%
Eichsfeld 1.169 Wingerode
5%
Ilm-Kreis 306 Alkersleben
4%
Saale-Holzland-Kreis 755 Altenberga
4%
Saalfeld-Rudolstadt 207 Altenbeuthen
4%
Eichsfeld 96 Asbach-Sickenberg
4%
Wartburgkreis 642 Bischofroda
4%
Kyffhäuserkreis 280 Borxleben
4%
Saalfeld-Rudolstadt 599 Cursdorf
4%
Hildburghausen 182 Ehrenberg
4%
Schmalkalden-Meiningen 216 Ellingshausen
4%
Saale-Holzland-Kreis 817 Frauenprießnitz
4%
Eichsfeld 179 Fretterode
4%
Schmalkalden-Meiningen 309 Friedelshausen
4%
Sömmerda 963 Gangloffsömmern
4%
Altenburger Land 329 Göllnitz
4%
Unstrut-Hainich-Kreis 227 Haussömmern
4%
Eichsfeld 726 Heuthen
4%
Eichsfeld 585 Hohengandern
4%
Kyffhäuserkreis 265 Holzsußra
4%
Unstrut-Hainich-Kreis 160 Hornsömmern
4%
Altenburger Land 318 Jonaswalde
4%
Kyffhäuserkreis 628 Kalbsrieth
4%
Saale-Holzland-Kreis 114 Karlsdorf
4%
Eichsfeld 582 Kirchgandern
4%
Altenburger Land 990 Kriebitzsch
4%
Unstrut-Hainich-Kreis 586 Kutzleben
4%
Schmalkalden-Meiningen 215 Leutersdorf
4%
Gotha 1.015 Molschleben
4%
Kyffhäuserkreis 302 Mönchpfiffel-Nikolausrieth
4%
Kyffhäuserkreis 123 Niederbösa
4%
Sömmerda 795 Nöda
4%
Gotha 423 Nottleben
4%
Saale-Orla-Kreis 1.134 Oppurg
4%
Greiz 1.141 Pölzig
4%
Saale-Orla-Kreis 69 Quaschwitz
4%
Schmalkalden-Meiningen 806 Rippershausen
4%
Greiz 588 Saara
4%
Wartburgkreis 1.027 Schleid
4%
Saale-Orla-Kreis 267 Schöndorf
4%
Saale-Holzland-Kreis 1.174 St. Gangloff
4%
Saale-Holzland-Kreis 143 Tautendorf
4%
Kyffhäuserkreis 571 Topfstedt
4%
Saalfeld-Rudolstadt 763 Unterweißbach
4%
Schmalkalden-Meiningen 435 Utendorf
4%
Sömmerda 700 Vogelsberg
4%
Eichsfeld 459 Wachstedt
4%
Eichsfeld 371 Wehnde
4%
Wartburgkreis 836 Weilar
4%
Saale-Holzland-Kreis 115 Weißbach
4%
Sömmerda 658 Wundersleben
4%
Gotha 346 Zimmernsupra
4%
Hildburghausen 120 Ahlstädt
3%
Saalfeld-Rudolstadt 338 Allendorf
3%
Saalfeld-Rudolstadt 147 Bechstedt
3%
Kyffhäuserkreis 158 Bellstedt
3%
Saale-Holzland-Kreis 269 Bibra
3%
Greiz 455 Bocka
3%
Greiz 900 Brahmenau
3%
Hildburghausen 413 Brünn/Thür.
3%
Sömmerda 234 Büchel
3%
Weimarer Land 196 Buchfart
3%
Eichsfeld 218 Burgwalde
3%
Greiz 264 Crimla
3%
Saalfeld-Rudolstadt 321 Deesbach
3%
Eichsfeld 77 Dieterode
3%
Eichsfeld 124 Dietzenrode/Vatterode
3%
Hildburghausen 240 Dingsleben
3%
Altenburger Land 437 Dobitschen
3%
Weimarer Land 213 Eberstedt
3%
Sömmerda 609 Eckstedt
3%
Wartburgkreis 524 Empfertshausen
3%
Gotha 710 Eschenbergen
3%
Kyffhäuserkreis 256 Etzleben
3%
Altenburger Land 782 Fockendorf
3%
Kyffhäuserkreis 223 Freienbessingen
3%
Eichsfeld 285 Freienhagen
3%
Saale-Holzland-Kreis 330 Freienorla
3%
Kyffhäuserkreis 611 Gehofen
3%
Eichsfeld 591 Gerbershausen
3%
Saale-Holzland-Kreis 146 Gneus
3%
Altenburger Land 413 Göhren
3%
Altenburger Land 226 Göpfersdorf
3%
Eichsfeld 904 Großbartloff
3%
Sömmerda 226 Großmölsen
3%
Hildburghausen 159 Grub
3%
Saale-Holzland-Kreis 390 Gumperda
3%
Saale-Holzland-Kreis 653 Hartmannsdorf
3%
Altenburger Land 805 Haselbach
3%
Weimarer Land 249 Hetschburg
3%
Altenburger Land 191 Heukewalde
3%
Altenburger Land 114 Heyersdorf
3%
Unstrut-Hainich-Kreis 791 Kammerforst
3%
Greiz 410 Kauern
3%
Eichsfeld 471 Kella
3%
Sömmerda 300 Kleinmölsen
3%
Greiz 438 Korbußen
3%
Weimarer Land 345 Lehnstedt
3%
Hildburghausen 407 Lengfeld
3%
Eichsfeld 262 Lindewerra
3%
Altenburger Land 714 Lödla
3%
Saale-Orla-Kreis 271 Löhma
3%
Hildburghausen 437 Marisfeld
3%
Eichsfeld 332 Marth
3%
Altenburger Land 260 Mehna
3%
Saalfeld-Rudolstadt 404 Meura
3%
Saale-Holzland-Kreis 94 Meusebach
3%
Saale-Holzland-Kreis 109 Möckern
3%
Altenburger Land 383 Monstab
3%
Saale-Orla-Kreis 82 Moxa
3%
Weimarer Land 313 Nauendorf
3%
Wartburgkreis 542 Nazza
3%
Saale-Orla-Kreis 260 Neundorf
3%
Hildburghausen 335 Oberstadt
3%
Wartburgkreis 598 Oechsen
3%
Weimarer Land 115 Oettern
3%
Sömmerda 408 Ollendorf
3%
Saale-Holzland-Kreis 414 Ottendorf
3%
Saale-Holzland-Kreis 287 Petersberg
3%
Eichsfeld 294 Pfaffschwende
3%
Saale-Orla-Kreis 252 Plothen
3%
Altenburger Land 461 Posterstein
3%
Saale-Holzland-Kreis 87 Poxdorf
3%
Eichsfeld 769 Reinholterode
3%
Kyffhäuserkreis 712 Reinsdorf
3%
Saale-Holzland-Kreis 470 Reinstädt
3%
Hildburghausen 792 Reurieth
3%
Weimarer Land 269 Rittersdorf
3%
Kyffhäuserkreis 213 Rockstedt
3%
Eichsfeld 234 Rohrberg
3%
Greiz 724 Rückersdorf
3%
Eichsfeld 512 Rustenfelde
3%
Eichsfeld 240 Schachtebich
3%
Eichsfeld 143 Sickerode
3%
Saalfeld-Rudolstadt 765 Sitzendorf
3%
Altenburger Land 515 Thonhausen
3%
Gotha 304 Tröchtelborn
3%
Gotha 827 Tüttleben
3%
Eichsfeld 241 Volkerode
3%
Weimarer Land 213 Vollersroda
3%
Altenburger Land 310 Vollmershain
3%
Saale-Holzland-Kreis 155 Waltersdorf
3%
Greiz 321 Weißendorf
3%
Sömmerda 662 Werningshausen
3%
Eichsfeld 220 Wiesenfeld
3%
Greiz 722 Zedlitz
3%
Saale-Holzland-Kreis 942 Zöllnitz
3%
Saale-Holzland-Kreis 301 Albersdorf
2%
Hildburghausen 305 Beinerstadt
2%
Greiz 227 Bethenhausen
2%
Saale-Holzland-Kreis 272 Bobeck
2%
Saale-Orla-Kreis 580 Bodelwitz
2%
Greiz 612 Braunichswalde
2%
Saale-Holzland-Kreis 152 Bremsnitz
2%
Unstrut-Hainich-Kreis 277 Bruchstedt
2%
Weimarer Land 230 Döbritschen
2%
Saale-Orla-Kreis 175 Döbritz
2%
Saalfeld-Rudolstadt 234 Döschnitz
2%
Saale-Orla-Kreis 427 Dreitzsch
2%
Saale-Holzland-Kreis 324 Eineborn
2%
Greiz 327 Endschütz
2%
Saale-Orla-Kreis 238 Eßbach
2%
Greiz 118 Gauern
2%
Saale-Holzland-Kreis 195 Geisenhain
2%
Saale-Orla-Kreis 229 Geroda
2%
Saale-Orla-Kreis 135 Gertewitz
2%
Saale-Holzland-Kreis 708 Golmsdorf
2%
Saale-Orla-Kreis 291 Görkwitz
2%
Saale-Orla-Kreis 207 Göschitz
2%
Saale-Holzland-Kreis 196 Gösen
2%
Saale-Orla-Kreis 296 Gössitz
2%
Saale-Holzland-Kreis 395 Graitschen bei Bürgel
2%
Sömmerda 252 Griefstedt
2%
Hildburghausen 179 Grimmelshausen
2%
Saale-Orla-Kreis 196 Grobengereuth
2%
Saale-Holzland-Kreis 162 Großbockedra
2%
Saale-Holzland-Kreis 269 Großeutersdorf
2%
Saale-Holzland-Kreis 386 Großpürschütz
2%
Unstrut-Hainich-Kreis 690 Großvargula
2%
Sömmerda 720 Günstedt
2%
Saale-Holzland-Kreis 670 Hainspitz
2%
Weimarer Land 186 Hammerstedt
2%
Hildburghausen 356 Henfstädt
2%
Greiz 200 Hilbersdorf
2%
Saale-Holzland-Kreis 621 Hummelshain
2%
Greiz 320 Hundhaupten
2%
Weimarer Land 432 Kapellendorf
2%
Saale-Orla-Kreis 71 Keila
2%
Weimarer Land 177 Kiliansroda
2%
Unstrut-Hainich-Kreis 790 Kirchheilingen
2%
Saale-Orla-Kreis 200 Kirschkau
2%
Saale-Holzland-Kreis 33 Kleinbockedra
2%
Saale-Holzland-Kreis 187 Kleinebersdorf
2%
Saale-Holzland-Kreis 353 Kleineutersdorf
2%
Saale-Orla-Kreis 384 Kospoda
2%
Saale-Holzland-Kreis 532 Laasdorf
2%
Saale-Orla-Kreis 296 Lausnitz bei Neustadt an der Orla
2%
Saale-Orla-Kreis 377 Lemnitz
2%
Greiz 435 Lindenkreuz
2%
Saale-Holzland-Kreis 229 Lindig
2%
Saale-Holzland-Kreis 441 Lippersdorf- Erdmannsdorf
2%
Saale-Holzland-Kreis 144 Löberschütz
2%
Unstrut-Hainich-Kreis 315 Marolterode
2%
Weimarer Land 263 Mechelroda
2%
Saale-Holzland-Kreis 145 Mertendorf
2%
Saale-Orla-Kreis 276 Miesitz
2%
Saale-Orla-Kreis 286 Mittelpöllnitz
2%
Saale-Holzland-Kreis 540 Mörsdorf
2%
Saale-Holzland-Kreis 82 Nausnitz
2%
Saale-Holzland-Kreis 682 Neuengönna
2%
Saale-Orla-Kreis 323 Nimritz
2%
Saale-Holzland-Kreis 230 Oberbodnitz
2%
Saale-Orla-Kreis 157 Oberoppurg
2%
Saale-Orla-Kreis 849 Oettersdorf
2%
Unstrut-Hainich-Kreis 290 Oppershausen
2%
Sömmerda 476 Ostramondra
2%
Greiz 421 Paitzdorf
2%
Saale-Orla-Kreis 99 Paska
2%
Saale-Orla-Kreis 447 Peuschen
2%
Saale-Orla-Kreis 167 Pörmitz
2%
Saale-Holzland-Kreis 73 Rattelsdorf
2%
Saale-Holzland-Kreis 302 Rauda
2%
Saale-Holzland-Kreis 222 Rauschwitz
2%
Saale-Holzland-Kreis 200 Rausdorf
2%
Greiz 332 Reichstädt
2%
Saale-Holzland-Kreis 400 Renthendorf
2%
Saale-Orla-Kreis 161 Rosendorf
2%
Saale-Holzland-Kreis 334 Ruttersdorf-Lotschen
2%
Saale-Holzland-Kreis 55 Scheiditz
2%
Hildburghausen 165 Schlechtsart
2%
Hildburghausen 263 Schmeheim
2%
Weimarer Land 363 Schmiedehausen
2%
Saale-Orla-Kreis 87 Schmorda
2%
Saale-Holzland-Kreis 535 Schöngleina
2%
Saale-Holzland-Kreis 253 Schöps
2%
Greiz 132 Schwaara
2%
Hildburghausen 161 Schweickershausen
2%
Eichsfeld 104 Schwobfeld
2%
Saale-Orla-Kreis 141 Seisla
2%
Saale-Holzland-Kreis 197 Seitenroda
2%
Saale-Holzland-Kreis 717 Serba
2%
Saale-Orla-Kreis 61 Solkwitz
2%
Sömmerda 789 Sprötau
2%
Hildburghausen 251 St. Bernhard
2%
Saale-Holzland-Kreis 288 Tautenburg
2%
Saale-Orla-Kreis 390 Tegau
2%
Greiz 110 Teichwitz
2%
Saale-Holzland-Kreis 102 Thierschneck
2%
Saale-Holzland-Kreis 125 Tissa
2%
Unstrut-Hainich-Kreis 133 Tottleben
2%
Saale-Holzland-Kreis 453 Tröbnitz
2%
Saale-Holzland-Kreis 605 Trockenborn-Wolfersdorf
2%
Saale-Holzland-Kreis 186 Unterbodnitz
2%
Unstrut-Hainich-Kreis 399 Urleben
2%
Saale-Orla-Kreis 244 Volkmannsdorf
2%
Saale-Holzland-Kreis 170 Walpernhain
2%
Saale-Orla-Kreis 391 Weira
2%
Saale-Orla-Kreis 608 Wernburg
2%
Saale-Holzland-Kreis 202 Wichmar
2%
Weimarer Land 337 Wiegendorf
2%
Saale-Orla-Kreis 217 Wilhelmsdorf
2%
Saale-Orla-Kreis 393 Schmieritz
1%
Saale-Orla-Kreis 122 Tömmelsdorf
1%
Keine übereinstimmenden Quizze gefunden
Verteilung der Resultate
Anzahl Personen mit jedem Resultat
Perzentil nach korrekt beantworteten Fragen
Ihre Resultats-Entwicklung
Sie haben dieses Quiz seit der letzten Aktualisierung nicht gespielt